000 00645nam a2200205Ia 4500
003 GCL
008 140319s9999 xx 000 0 ara d
040 _aGCL /
_cGCL
082 0 4 _a952
_bو ش
100 1 _aوفيق خنسة
245 1 0 _aالشخصية اليابانية: دراسة /
_cوفيق خنسة
300 _a200 ص
490 _aالهيئة العامة للاستعلامات
_v0
650 0 4 _aاليابان
650 0 4 _aاليابان - العادات والتقاليد
650 0 4 _aاليابانيون
650 0 4 _aالمرأة اليابانية
650 0 4 _aالاعياد اليابانية
942 _2ddc
_cBK
999 _c48943
_d48943